|
|
|
|
| LEADER |
01042aam a22002658a 4500 |
| 001 |
00028622 |
| 005 |
20171026081025.0 |
| 008 |
120329s2007 ||||||viesd |
| 041 |
0 |
# |
|a vie
|
| 082 |
1 |
4 |
|a 613.907 1
|b Đ309G
|
| 245 |
0 |
0 |
|a Điều gì đang xảy ra với tôi?
|c Võ Thị Ly, Trần Thị Ngọc Trinh, Nguyễn Thị Hải Đường (dịch)
|
| 260 |
# |
# |
|c 2007
|a Tp. Hồ Chí Minh
|b Phòng phát triển xã hội nhà thờ chính tòa Đức Bà
|
| 300 |
# |
# |
|a 56tr.
|c 21cm.
|
| 500 |
# |
# |
|a ĐTTS ghi: Sách về giáo dục giới tính
|
| 650 |
# |
4 |
|a Tâm lý học
|
| 653 |
# |
# |
|a Giáo dục giới tính
|
| 653 |
# |
# |
|a Giới tính
|
| 700 |
1 |
# |
|a Nguyễn, Thị Hải Đường
|e (dịch)
|
| 700 |
1 |
# |
|a Trần, Thị Ngọc Trinh
|e (dịch)
|
| 700 |
1 |
# |
|a Võ, Thị Ly
|e (dịch)
|
| 852 |
# |
# |
|b Kho đọc
|j KD.0013250
|
| 852 |
# |
# |
|j KD.0013250
|
| 910 |
|
|
|d 29/03/2012
|
| 980 |
# |
# |
|a Trung tâm Học liệu Lê Vũ Hùng, Trường Đại học Đồng Tháp
|